=LDR 00000nam 2200000 4500 =001 INLIS000000000022920 =005 20130612121628 =008 ***********************************Ind** =035 ##$$0010-061300000022920 =041 ##$$a Ind =090 ##$$a 337, lin l =100 ##$$a Lindert, Peter H =245 ##$$a Ekonomi internasional, Peter H lindert =260 ##$$a 1994 $b Jakarta =300 ##$$a Viii, 734Hlm, ilus, 25 cm =650 ##$$a Hubungan Ekonomi Internasioanal =850 ##$$a NBPNMAT